CITB skills foresight report : February 2002 (Record no. 102157)

MARC details
000 -LEADER
fixed length control field 01163cad a2200265 4500
001 - CONTROL NUMBER
control field J118628
008 - FIXED-LENGTH DATA ELEMENTS--GENERAL INFORMATION
fixed length control field 020702n2002 000 0 eng u
035 ## - SYSTEM CONTROL NUMBER
System control number (Sirsi) u118628
041 ## - LANGUAGE CODE
Language code of text/sound track or separate title eng.
050 ## - LIBRARY OF CONGRESS CALL NUMBER
Classification number 690.073
110 ## - MAIN ENTRY--CORPORATE NAME
Corporate name or jurisdiction name as entry element Construction Industry Training Board
9 (RLIN) 2980
245 ## - TITLE STATEMENT
Title CITB skills foresight report : February 2002
Medium [electronic resource]
260 ## - PUBLICATION, DISTRIBUTION, ETC.
Place of publication, distribution, etc. CITB
Date of publication, distribution, etc. 2002
300 ## - PHYSICAL DESCRIPTION
Extent 72p.
Other physical details ill.
Dimensions 30cm.
350 ## - PRICE (NR) (BK AM CF MU VM SE) [OBSOLETE]
Price 50
520 ## - SUMMARY, ETC.
Summary, etc. Assesses the evidence regarding the construction industry's current and future skill needs. Shows it to be experiencing the greatest difficulties for a decade in meeting its demands for skills. The report's conclusions provide a basis for all those involved in construction skill development. [Report replaces CITB's annual 'Construction Employment and Training Forecast'.]
650 ## - SUBJECT ADDED ENTRY--TOPICAL TERM
Topical term or geographic name entry element STATISTICS
650 ## - SUBJECT ADDED ENTRY--TOPICAL TERM
Topical term or geographic name entry element SKILLS
650 ## - SUBJECT ADDED ENTRY--TOPICAL TERM
Topical term or geographic name entry element CONSTRUCTION EMPLOYMENT
650 ## - SUBJECT ADDED ENTRY--TOPICAL TERM
Topical term or geographic name entry element CAREERS, EDUCATION AND TRAINING
650 ## - SUBJECT ADDED ENTRY--TOPICAL TERM
Topical term or geographic name entry element CONSTRUCTION INDUSTRY
690 ## - LOCAL SUBJECT ADDED ENTRY--TOPICAL TERM (OCLC, RLIN)
Topical term or geographic name as entry element BUILT ENVIRONMENT
856 40 - ELECTRONIC LOCATION AND ACCESS
Uniform Resource Identifier <a href="https://www.swslim.org.uk/downloads/sl1293.pdf">https://www.swslim.org.uk/downloads/sl1293.pdf</a>
Public note View this item free of charge at www.swslim.org.uk
942 ## - ADDED ENTRY ELEMENTS (KOHA)
Suppress in OPAC 0
Holdings
Withdrawn status Lost status Source of classification or shelving scheme Damaged status Not for loan Home library Current library Shelving location Date acquired Total Checkouts Full call number Barcode Date last seen Date last checked out Copy number Price effective from Koha item type
    Dewey Decimal Classification     Virtual Virtual Online 02/07/2002 1 ONLINE PUBLICATION 30066006 06/08/2019 26/09/2003 1 06/08/2019 Book